[Event "IECC O email"]
[Site "IECC email"]
[Date "1999.03.28"]
[Round "?"]
[White "Fantoni, Franco"]
[Black "Heffington, Blaine"]
[Result "1-0"]
[WhiteElo "1619"]
[BlackElo "1386"]
[PlyCount "81"]
[EventDate "1999.??.??"]
[EventType "tourn (corr)"]
[EventRounds "6"]
[SourceTitle "Corr 2008"]
[Source "ChessBase"]
[SourceDate "2008.06.24"]
[SourceVersion "1"]
[SourceVersionDate "2008.06.24"]
[SourceQuality "1"]

1. Nf3 c5 2. e4 e6 3. Nc3 d5 4. exd5 exd5 5. Bb5+ Nc6 6. 0-0 Be7 7. d4 Nf6 8. Bg5 0-0 9. dxc5 Bg4 10. Re1 Rc8 11. Bxf6 Bxf6 12. Nxd5 Bxb2 13. Rb1 Bf6 14. Qd3 Be6 15. Nxf6+ Qxf6 16. Bxc6 bxc6 17. Rb7 a5 18. c4 Rfd8 19. Qe4 Bf5 20. Qe5 Be6 21. Qxf6 gxf6 22. Ra7 Bxc4 23. Rxa5 Ra8 24. Rxa8 Rxa8 25. Nd4 Bd5 26. Ra1 Ra3 27. Nf5 Bxa2 28. Rd1 Ra8 29. Ne7+ Kf8 30. Nxc6 Rc8 31. Nb4 Be6 32. c6 Rb8 33. Rd4 Rb5 34. h4 Rc5 35. f3 Kg7 36. Kf2 Bc4 37. Rd8 Bb5 38. Rb8 Bc4 39. Rb7 Kf8 40. g4 Ke8 41. f4 1-0

[Event "IECC Trio 574 email"]
[Site "IECC email"]
[Date "1998.07.04"]
[Round "?"]
[White "Zillmer, Jim"]
[Black "Heffington, Blaine"]
[Result "1/2-1/2"]
[WhiteElo "1446"]
[BlackElo "1386"]
[PlyCount "79"]
[EventDate "1998.??.??"]
[EventType "tourn (corr)"]
[EventRounds "4"]
[SourceTitle "Corr 2008"]
[Source "ChessBase"]
[SourceDate "2008.06.24"]
[SourceVersion "1"]
[SourceVersionDate "2008.06.24"]
[SourceQuality "1"]

1. e4 e5 2. Nf3 Nc6 3. Bb5 a6 4. Ba4 Nf6 5. 0-0 Nxe4 6. d4 b5 7. Bb3 d5 8. dxe5 Be6 9. Nbd2 Nc5 10. c3 d4 11. Bxe6 Nxe6 12. Ne4 Be7 13. cxd4 Ncxd4 14. Ng3 0-0 15. Be3 c5 16. Re1 Re8 17. b3 Rc8 18. Rc1 Qd5 19. Nf5 Nxf3+ 20. Qxf3 Qxf3 21. gxf3 c4 22. bxc4 bxc4 23. Nxe7+ Rxe7 24. Rc3 Rec7 25. f4 Rc6 26. f5 Nc7 27. Rd1 Nb5 28. Rc2 c3 29. f4 Na3 30. Rcc1 c2 31. Rd7 R6c7 32. e6 fxe6 33. fxe6 Rxd7 34. exd7 Rd8 35. Bc5 Nb5 36. Rxc2 Rxd7 37. Kf1 Nc7 38. Ke2 Kf7 39. Kf3 Ne6 40. Bb6 1/2-1/2

[Event "IECC Trio 463 email"]
[Site "IECC email"]
[Date "1998.02.22"]
[Round "?"]
[White "Cornacchini, Gabriele"]
[Black "Heffington, Blaine"]
[Result "1/2-1/2"]
[WhiteElo "1466"]
[BlackElo "1403"]
[PlyCount "131"]
[EventDate "1998.??.??"]
[EventType "tourn (corr)"]
[EventRounds "4"]
[SourceTitle "Corr 2008"]
[Source "ChessBase"]
[SourceDate "2008.06.24"]
[SourceVersion "1"]
[SourceVersionDate "2008.06.24"]
[SourceQuality "1"]

1. e4 e5 2. Nf3 Nc6 3. Bb5 a6 4. Ba4 Nf6 5. 0-0 Be7 6. Re1 b5 7. Bb3 d6 8. c3 Na5 9. Bc2 Bg4 10. d4 Nd7 11. h3 Bh5 12. Nbd2 0-0 13. Nf1 c5 14. d5 Rc8 15. Ng3 Bg6 16. b3 Nb6 17. Qe2 Ra8 18. Bb2 Qd7 19. Rac1 Rfc8 20. Ba1 c4 21. b4 Nb7 22. a3 a5 23. Bb2 Ra6 24. Red1 Rca8 25. Ra1 h6 26. Qd2 Bd8 27. Kh2 Nc8 28. Rab1 Ne7 29. Nh4 Bh7 30. Nf3 axb4 31. axb4 Bb6 32. Ra1 Nd8 33. Rxa6 Rxa6 34. Bb1 Qa7 35. Kg1 f6 36. Rf1 Nf7 37. Bc2 g6 38. Nh2 f5 39. Nf3 f4 40. Ne2 Qd7 41. Rb1 g5 42. Nh2 h5 43. Nc1 Kg7 44. Qe2 Ng8 45. Qxh5 Nf6 46. Qe2 Nh6 47. Kh1 g4 48. Nf1 gxh3 49. f3 Nh5 50. Kh2 hxg2 51. Qxg2+ Kh8 52. Qg5 Qg7 53. Qxg7+ Kxg7 54. Ra1 Rxa1 55. Bxa1 Kf6 56. Bd1 Bg6 57. Kg2 Be8 58. Ne2 Kg5 59. Ng1 Bxg1 60. Kxg1 Kh4 61. Kg2 Bd7 62. Nd2 Nf7 63. Bc2 Ng5 64. Bb2 Ng3 65. Kh2 Nh3 66. Kg2 1/2-1/2